000
00378nam a22001697a 4500
003
MPLRDC
005
20220104114543.0
008
210129b ||||| |||| 00| 0 eng d
082
_a
857.7 CHQ
100
_a
陈浩泉
245
_a
香港狂人
_c
250
_a
初版
260
_a
_b
莎莎书舍
_c
1983
300
_b
平
650
_a
长篇小说
942
_c
BK
_o
857.7 CHQ
999
_c
8386
_d
8376